[Event "Dhaka Bangabandhu op-B"]
[Site "Dhaka"]
[Date "2021.03.11"]
[Round "3"]
[White "Chowdhury, Md Sazzad Hossain"]
[Black "Sacchu, Afzal Hossain"]
[Result "0-1"]
[WhiteElo "1783"]
[BlackElo "1993"]
[PlyCount "84"]
[EventDate "2021.03.09"]
[EventType "swiss"]
[EventRounds "9"]
[EventCountry "BAN"]
[SourceTitle "CBM 201 Extra"]
[Source "ChessBase"]
[SourceDate "2021.05.31"]
[SourceVersion "1"]
[SourceVersionDate "2021.05.31"]
[SourceQuality "1"]

1. d4 Nf6 2. c4 e6 3. a3 d5 4. Nc3 a5 5. Bg5 Be7 6. Nf3 0-0 7. e3 Nbd7 8. Bd3 dxc4 9. Bxc4 b6 10. 0-0 Bb7 11. Bd3 c5 12. h3 cxd4 13. exd4 Nd5 14. Bd2 Rc8 15. Qe2 N7f6 16. Ba6 Bxa6 17. Qxa6 Bd6 18. Bg5 Nxc3 19. bxc3 Rxc3 20. Rfb1 Bc7 21. Rc1 Rxc1+ 22. Rxc1 Qd6 23. Bxf6 gxf6 24. Qb7 Bb8 25. a4 Qb4 26. Qc6 Bf4 27. Re1 Qd6 28. Qc2 Rd8 29. g3 Bh6 30. Kg2 Bg7 31. Re2 f5 32. g4 fxg4 33. hxg4 Bxd4 34. Rd2 e5 35. Nh4 Qf6 36. Nf5 Kh8 37. f3 Qg5 38. Rd1 Bc5 39. Qe4 Re8 40. Qc6 Rg8 41. Qd5 Qxf5 42. Kh3 Qe6 0-1

[Event "BAN-chT 1st League"]
[Site "Dhaka"]
[Date "2021.03.07"]
[Round "11.2"]
[White "Haque, Masudul"]
[Black "Chowdhury, Md Sazzad Hossain"]
[Result "1-0"]
[WhiteElo "2082"]
[BlackElo "1783"]
[PlyCount "143"]
[EventDate "2021.02.25"]
[EventType "team-tourn"]
[EventRounds "11"]
[EventCountry "BAN"]
[SourceTitle "EXT 2022"]
[Source "ChessBase"]
[SourceDate "2021.10.06"]
[SourceVersion "1"]
[SourceVersionDate "2021.10.06"]
[SourceQuality "1"]
[WhiteTeam "Morning Glory"]
[BlackTeam "Basir Memorial"]
[WhiteTeamCountry "BAN"]
[BlackTeamCountry "BAN"]

1. e4 e5 2. Nf3 d6 3. d4 exd4 4. Nxd4 Nf6 5. Nc3 Be7 6. Be2 0-0 7. 0-0 h6 8. f4 c5 9. Nb3 Nc6 10. Be3 a6 11. Bf3 Qc7 12. Nd5 Nxd5 13. exd5 Nb8 14. Re1 Nd7 15. c3 Nf6 16. h3 Bf5 17. Bf2 Rfe8 18. g4 Bd7 19. Nd2 b5 20. Nf1 Bf8 21. Qc2 Rxe1 22. Rxe1 Re8 23. Ne3 g6 24. Kh2 Qc8 25. Rg1 Qd8 26. Ng2 Qa8 27. Rd1 Qc8 28. b3 Bg7 29. Ne3 Re7 30. Ng2 Re8 31. Bg3 Qc7 32. Rf1 a5 33. Re1 Rxe1 34. Nxe1 Kf8 35. c4 b4 36. Nd3 Ne8 37. Nf2 f5 38. Bh4 Bf6 39. Bxf6 Nxf6 40. g5 hxg5 41. fxg5 Nh7 42. h4 Qd8 43. Qe2 Qe8 44. Qxe8+ Bxe8 45. Kg3 a4 46. Nd3 axb3 47. axb3 Ke7 48. Nf4 Bf7 49. Ng2 Nf8 50. Kf4 Nd7 51. h5 Ne5 52. hxg6 Bxg6 53. Be2 Kf7 54. Ne3 Nd7 55. Nxf5 Bxf5 56. Kxf5 Nf8 57. Bh5+ Kg7 58. Be8 Nh7 59. Ke6 Nxg5+ 60. Kxd6 Ne4+ 61. Kc7 Kf8 62. Bg6 Ng5 63. Bf5 Nf7 64. d6 Kg7 65. Be6 Ne5 66. d7 Nxd7 67. Bxd7 Kf6 68. Kd6 Kf7 69. Kxc5 Ke7 70. Bh3 Kd8 71. Kxb4 Kc7 72. Kc5 1-0

[Event "BAN-chT 1st League"]
[Site "Dhaka"]
[Date "2021.03.05"]
[Round "9.2"]
[White "Rahman, Siddiqur"]
[Black "Chowdhury, Md Sazzad Hossain"]
[Result "1-0"]
[WhiteElo "1979"]
[BlackElo "1783"]
[PlyCount "95"]
[EventDate "2021.02.25"]
[EventType "team-tourn"]
[EventRounds "11"]
[EventCountry "BAN"]
[SourceTitle "EXT 2022"]
[Source "ChessBase"]
[SourceDate "2021.10.06"]
[SourceVersion "1"]
[SourceVersionDate "2021.10.06"]
[SourceQuality "1"]
[WhiteTeam "Esoft Arena"]
[BlackTeam "Basir Memorial"]
[WhiteTeamCountry "BAN"]
[BlackTeamCountry "BAN"]

1. d4 d5 2. c4 e6 3. Nc3 Nf6 4. Nf3 h6 5. e3 a6 6. Bd3 c5 7. cxd5 exd5 8. dxc5 Bxc5 9. 0-0 Nc6 10. a3 0-0 11. b4 Bd6 12. h3 Be6 13. Bb2 Rc8 14. Rc1 Ne5 15. Nxe5 Bxe5 16. f4 Bb8 17. Ne2 Ba7 18. Bd4 Bxd4 19. Nxd4 Qe7 20. Qd2 Rfe8 21. Rxc8 Rxc8 22. Rc1 Re8 23. Rc3 Bd7 24. Bb1 Ne4 25. Bxe4 Qxe4 26. Kf2 g5 27. Nf3 f6 28. Qc2 gxf4 29. Qxe4 dxe4 30. Nd4 f5 31. Rc7 Bc8 32. Ne2 b5 33. Nxf4 Rd8 34. h4 Re8 35. h5 Rd8 36. g3 Re8 37. Nd5 Kf8 38. Rh7 Be6 39. Nf4 Bf7 40. Rxh6 Kg7 41. Rxa6 Rc8 42. h6+ Kg8 43. Ra7 Rf8 44. h7+ Kh8 45. Rb7 Be8 46. Ne6 Rf6 47. Ng5 Rf8 48. Rb8 1-0

[Event "BAN-chT 1st League"]
[Site "Dhaka"]
[Date "2021.03.01"]
[Round "5.2"]
[White "Arpan, Das Jr"]
[Black "Chowdhury, Md Sazzad Hossain"]
[Result "1-0"]
[WhiteElo "2068"]
[BlackElo "1783"]
[PlyCount "77"]
[EventDate "2021.02.25"]
[EventType "team-tourn"]
[EventRounds "11"]
[EventCountry "BAN"]
[SourceTitle "EXT 2022"]
[Source "ChessBase"]
[SourceDate "2021.10.06"]
[SourceVersion "1"]
[SourceVersionDate "2021.10.06"]
[SourceQuality "1"]
[WhiteTeam "Sultana Kamal Smirity Pathagar"]
[BlackTeam "Basir Memorial"]
[WhiteTeamCountry "BAN"]
[BlackTeamCountry "BAN"]

1. e4 e5 2. Nf3 d6 3. Bc4 Be7 4. 0-0 Nf6 5. d3 0-0 6. h3 h6 7. Be3 c6 8. c3 d5 9. Bb3 Qc7 10. Nbd2 Rd8 11. Qc2 Be6 12. d4 Nbd7 13. dxe5 Nxe5 14. Nxe5 Qxe5 15. f4 Qc7 16. e5 Nh7 17. f5 Bc8 18. Nf3 b6 19. c4 Qd7 20. g4 Bb7 21. Rad1 Qe8 22. Qc1 Bf8 23. f6 gxf6 24. exf6 Nxf6 25. Bxh6 Ne4 26. Bc2 Bxh6 27. Qxh6 Qf8 28. Qh5 Qg7 29. Ne5 f6 30. Ng6 Ng3 31. Qh4 Nxf1 32. Rxf1 Rd6 33. Re1 f5 34. Ne7+ Kf8 35. Nxf5 Qf6 36. g5 Qxb2 37. Nxd6 Ba6 38. Qf4+ Kg8 39. Qf7+ 1-0

[Event "BAN-chT 1st League"]
[Site "Dhaka"]
[Date "2021.02.28"]
[Round "4.2"]
[White "Chowdhury, Md Sazzad Hossain"]
[Black "Aditya, Chatterjee"]
[Result "0-1"]
[WhiteElo "1783"]
[BlackElo "1849"]
[PlyCount "102"]
[EventDate "2021.02.25"]
[EventType "team-tourn"]
[EventRounds "11"]
[EventCountry "BAN"]
[SourceTitle "EXT 2022"]
[Source "ChessBase"]
[SourceDate "2021.10.06"]
[SourceVersion "1"]
[SourceVersionDate "2021.10.06"]
[SourceQuality "1"]
[WhiteTeam "Basir Memorial"]
[BlackTeam "Mir CC"]
[WhiteTeamCountry "BAN"]
[BlackTeamCountry "BAN"]

1. d4 Nf6 2. c4 e6 3. Nc3 d5 4. a3 Be7 5. Nf3 0-0 6. Bg5 h6 7. Bh4 Nbd7 8. c5 c6 9. e3 e5 10. Be2 exd4 11. exd4 Re8 12. 0-0 Nf8 13. Ne5 N6d7 14. Bxe7 Qxe7 15. Nf3 Nf6 16. h3 Bf5 17. Bd3 Bxd3 18. Qxd3 Ng6 19. Rfe1 Qc7 20. Qd2 Ne4 21. Qc2 Qf4 22. Re3 Ng5 23. Nxg5 Rxe3 24. fxe3 Qxe3+ 25. Qf2 Qxg5 26. Rf1 f6 27. Re1 Nf4 28. Qf3 Kf7 29. Kh2 Ne6 30. Qf2 Qf4+ 31. Qxf4 Nxf4 32. Re3 Re8 33. Rf3 Ne2 34. Rd3 Nxc3 35. Rxc3 f5 36. b4 Re4 37. Rd3 a6 38. Kg3 g5 39. Kf3 h5 40. g3 Kf6 41. a4 g4+ 42. hxg4 hxg4+ 43. Kf2 Kg5 44. Rd1 f4 45. Rd3 Kf5 46. Rd1 fxg3+ 47. Kxg3 Re3+ 48. Kf2 Kf4 49. Rh1 g3+ 50. Kg2 Re2+ 51. Kh3 Rh2+ 0-1

[Event "BAN-chT 1st League"]
[Site "Dhaka"]
[Date "2021.02.25"]
[Round "1.2"]
[White "Chowdhury, Md Sazzad Hossain"]
[Black "Arpan, Das"]
[Result "0-1"]
[WhiteElo "1783"]
[BlackElo "2110"]
[PlyCount "78"]
[EventDate "2021.02.25"]
[EventType "team-tourn"]
[EventRounds "11"]
[EventCountry "BAN"]
[SourceTitle "EXT 2022"]
[Source "ChessBase"]
[SourceDate "2021.10.06"]
[SourceVersion "1"]
[SourceVersionDate "2021.10.06"]
[SourceQuality "1"]
[WhiteTeam "Basir Memorial"]
[BlackTeam "Rupali Bank Krira Parisad"]
[WhiteTeamCountry "BAN"]
[BlackTeamCountry "BAN"]

1. d4 Nf6 2. c4 e6 3. a3 c5 4. d5 d6 5. Nc3 exd5 6. cxd5 g6 7. e4 Bg7 8. Bd3 0-0 9. h3 b5 10. Bg5 c4 11. Bc2 h6 12. Bh4 Nbd7 13. Nf3 Qb6 14. 0-0 a5 15. Bg3 Nc5 16. Re1 Bb7 17. Bh2 b4 18. Na4 Nxa4 19. Bxa4 Rfd8 20. Rb1 Nd7 21. Bxd7 Rxd7 22. Bf4 Re8 23. Qd2 Rde7 24. Bxh6 Rxe4 25. Bxg7 Kxg7 26. Rxe4 Rxe4 27. axb4 axb4 28. h4 Qc5 29. Rd1 c3 30. bxc3 bxc3 31. Qc1 Rg4 32. Rd3 c2 33. h5 Bxd5 34. h6+ Kh7 35. Re3 Bxf3 36. Rxf3 Qd5 37. Kh2 Qg5 38. Rxf7+ Kxh6 39. Qxg5+ Rxg5 0-1